000 01106nam0a22002531 4500
001 rc\3222140
005 20250530103915.0
035 _a(NLR Aleph) 007365318
090 _a6350589
_c6350589
100 _a20130115d1969 |||y0rusy50 ca
101 0 _arus
102 _aRU
105 _ay z |||||
200 1 _aПодразделения милиции по охране объектов народного хозяйства
_eУчеб. пособие для учеб. пунктов МВД СССР
_fПод ред. канд. юрид. наук И.П. Цвелодуба
_gМ-во внутр. дел СССР. Упр. учеб. заведений. Учеб.-метод. кабинет
210 _aМосква
_cБ. и.
_d1969
215 _a42 с.
_d20
333 _aДля служебного пользования. Экз. № 3996
700 1 _aЖурбенко
_bР.В.
_gРоман Вениаминович
701 1 _aЦвелодуб
_bИ.П.
_gИван Петрович
_4340
801 0 _aRU
_bNLR
_gpsbo
801 1 _aRU
_bELAR
_2rusmarc
852 _aNLR
_j50К/21934
942 _cBOOK
980 _aNB